000 00594nam a2200193Ia 4500
003 LDD
008 181029s9999 xx 000 0 und d
020 _a9780195151985
_c495.00
040 _cLDD
100 _aWolpert, Stanley
245 0 _aShameful flight
_bthe last years of the british empire in india
_cStanley Wolpert
260 _aNew York
_bOxford university press
_c2006
300 _axii, 238p.
365 _b495.00
901 _a4215
_b04-02-2008
902 _aUBS7956
_b29-02-2008
_cF
_dUPPAL
_e95
903 _aDiscount-15
_bReqst by : Ajay Mouharkar
942 _2ddc
_cBK
999 _c80607
_d80607